| 000 | 00000nas 2200000za 4500 |
| 001 | 9.500554 |
| 003 | CaOODSP |
| 005 | 20221107132903 |
| 007 | cr ||||||||||| |
| 008 | 150406c19979999onc x p o||||f0 |0fre|d |
| 022 | # |a1713-3351|y1713-3386 |
| 040 | |aCaOODSP|bfre |
| 041 | |aeng|afre |
| 043 | |an-cn--- |
| 086 | 1 |aYC33-1-PDF |
| 110 | 1 |aCanada. |bParlement. |bSénat. |bSous-comité des anciens combattants. |
| 210 | 0 |aDélib. Sous-com. aff. anc. combat. |b(En ligne) |
| 245 | 10|aProceedings of the Subcommittee on Veterans Affairs |h[ressource électronique] = |bDélibérations du Sous-comité des affaires des anciens combattants. |
| 246 | 11|aDélibérations du Sous-comité des affaires des anciens combattants |
| 260 | |a[Ottawa] : |bSénat du Canada, |c[1997]- |
| 310 | |aIrrégulier |
| 362 | 1 |a36e législature, 1re session, fascicule n° 1 (5 nov./25 nov. 1997)-- |
| 515 | |aLa numérotation reprend à chaque session au n° 1. |
| 546 | |aTexte en anglais et en français. |
| 791 | |tProceedings of the Subcommittee on Veterans Affairs |eeng|w(CaOODSP)9.500553 |